The making of U.S. China policy : from normalization to the post-cold war era /

Bibliographic Details
Main Author: Qingshan, Tan, 1957-
Format: Book
Language:English
Published: Boulder, Colo. : Lynne Rienner Publishers, 1992.
Subjects:

MARC

Tag First Indicator Second Indicator Subfields
LEADER 00000cam a2200000 a 4500
001 in00001168411
005 20151001082958.0
008 920331s1992 coua b 001 0 eng
010 |a  92041402  
015 |a GB93-14576 
019 |a 28633202 
020 |a 1555873367 :  |c $32.00 
020 |a 1555873146 (pbk.) :  |c $16.95 
035 |a (OCoLC)25706443 
035 |9 AGF5767AM 
040 |a DLC  |c DLC  |d OCL  |d UKM  |d TXA  |d UtOrBLW 
043 |a n-us---  |a a-cc--- 
049 |a TXAM 
050 0 0 |a E183.8.C5  |b T286 1992 
082 0 0 |a 327.73051  |2 20 
100 1 |a Qingshan, Tan,  |d 1957- 
245 1 4 |a The making of U.S. China policy :  |b from normalization to the post-cold war era /  |c Tan Qingshan. 
264 1 |a Boulder, Colo. :  |b Lynne Rienner Publishers,  |c 1992. 
300 |a xii, 179 pages :  |b illustrations ;  |c 24 cm. 
336 |a text  |b txt  |2 rdacontent 
337 |a unmediated  |b n  |2 rdamedia 
338 |a volume  |b nc  |2 rdacarrier 
504 |a Includes bibliographical references (pages 161-171) and index. 
541 0 |a Donated by Susan Dixon Richardson and Joe C. Richardson, Jr. for the Jayne and William H. Mobley Collection in Presidential Studies 
651 0 |a United States  |x Foreign relations  |z China. 
651 0 |a China  |x Foreign relations  |z United States. 
999 |a MARS 
999 f f |s 179f8795-1b8c-3d5f-8a65-1597b0946672  |i 00175bf4-c050-3d07-8090-5201f6b5c87b  |t 0 
952 f f |p normal  |a Texas A&M University  |b College Station  |c Sterling C. Evans Library  |d Evans: Library Stacks  |t 0  |e E183.8.C5 T286 1992  |h Library of Congress classification  |i unmediated -- volume  |m A14818478078 
998 f f |a E183.8.C5 T286 1992  |t 0  |l Evans: Library Stacks